000 00310cam a22001091 4500
050 0 0 _aJC 481
_b.W43
100 1 _aWeiss, John,
_d1927-
245 1 4 _aThe Fascist tradition;
_bradical right-wing extremism in modern Europe.
260 _aNew York,
_bHarper & Row
_c[1967]
300 _axxxvi, 151 p.
942 _2lcc
_cGEN
999 _c10290
_d10290